000 00922nam a2200229 a 4500
001 38920
003 BD-RjUL
005 20211209052901.0
008 160424r20131998ii ||||r|||| 000 0 ben d
020 _a8172153856
_c: TK. 900.00
035 _a(BD-RjUL) 39030
040 _aBD-RjUL
_bben
_cBD-RjUL
041 _aben
082 _223
_a294.5923092
_bBHK 2013
100 _aভাদুড়ী, নৃসিংহপ্রসাদ
_9120163
245 1 0 _aকৃষ্ণা কুন্তী এবং কৌন্তেয় /
_cনৃসিংহপ্রসাদ ভাদুড়ী
260 _aকলকাতা :
_bআনন্দ পাবলিশার্স,
_c২০১৩, [মুদ্রণ ১৯৯৮]
300 _a৪৫৮ পৃ. ;
_c২৪ সেমি.
650 _aমহাভারত
_9120164
_xজীবনী
650 _aMahabharata
_xBiography
_9123866
942 _2ddc
_cBK
_01
999 _c38920
_d38920